| 000 | 00392 a2200157 4500 | ||
|---|---|---|---|
| 001 | 82275 | ||
| 020 | _a9780071181709 | ||
| 082 | _a363.728760973 LAG | ||
| 090 |
_c39914 _d39914 |
||
| 100 | _aLargrega Micheal D | ||
| 245 | _aHazardous Waste management, 2nd Ed | ||
| 250 | _a2nd Ed | ||
| 260 |
_aNew York _bMcGraw Hill _c2001 |
||
| 300 | _axxvi, 1202P. | ||
| 500 | _aGeneral Books | ||
| 942 |
_acaenust _k363.728760973 LAG |
||
| 999 |
_c317348 _d317348 |
||